Online
Catalog

Ley 88-03 : (Record no. 45819)

MARC details
000 -CABECERA
campo de control de longitud fija 01247nam a2200265 i 4500
001 - NÚMERO DE CONTROL
campo de control 000046330
003 - IDENTIFICADOR DEL NÚMERO DE CONTROL
campo de control DO-SdBNP
005 - FECHA Y HORA DE LA ÚLTIMA TRANSACCIÓN
campo de control 20250609101052.0
007 - CAMPO FIJO DE DESCRIPCIÓN FÍSICA--INFORMACIÓN GENERAL
campo de control de longitud fija ta
008 - DATOS DE LONGITUD FIJA--INFORMACIÓN GENERAL
campo de control de longitud fija 150723s2014 dr 000 0 spa d
040 ## - FUENTE DE LA CATALOGACIÓN
Centro catalogador/agencia de origen DO-SdBNP
Lengua de catalogación spa
Centro/agencia transcriptor BNPHU
Normas de descripción rda
082 #4 - NÚMERO DE LA CLASIFICACIÓN DECIMAL DEWEY
Número de clasificación xxxx
Número de documento/Ítem xxxx
Número de edición 22
110 1# - ENTRADA PRINCIPAL--NOMBRE DE ENTIDAD CORPORATIVA
Nombre de entidad corporativa o nombre de jurisdicción como elemento de entrada República Dominicana.
Unidad subordinada Ministerio de la Mujer
9 (RLIN) 56158
240 10 - TÍTULO UNIFORME
Título uniforme [Leyes. etc.]
245 10 - MENCIÓN DE TÍTULO
Título Ley 88-03 :
Resto del título promulgada el 1o. de mayo de 2003, que instituye las Casas de Acogida o Refugios /
Mención de responsabilidad, etc. presentación Alejandrina Germán.
246 10 - FORMA VARIANTE DE TÍTULO
Título propio/Titulo breve Ley 88-03 que instituye las casas de acogida o refugios :
Resto del título manual de uso y reglamento de aplicación y funcionamiento.
264 #1 - PRODUCCIÓN, PUBLICACIÓN, DISTRIBUCIÓN, FABRICACIÓN Y COPYRIGHT
Producción, publicación, distribución, fabricación y copyright Santo Domingo :
Nombre del de productor, editor, distribuidor, fabricante Ministerio de la Mujer,
Fecha de producción, publicación, distribución, fabricación o copyright 2014.
300 ## - DESCRIPCIÓN FÍSICA
Extensión 63 páginas ;
Dimensiones 21 cm.
336 ## - TIPO DE CONTENIDO
Término de tipo de contenido texto
Código de tipo de contenido txt
Fuente rdacontent
337 ## - TIPO DE MEDIO
Nombre/término del tipo de medio sin mediación
Código del tipo de medio n
Fuente rdamedia
338 ## - TIPO DE SOPORTE
Nombre/término del tipo de soporte volumen
Código del tipo de soporte nc
Fuente rdacarrier
505 0# - NOTA DE CONTENIDO CON FORMATO
Nota de contenido con formato Ley 88-03 que instituye las Casas de acogida o Refugios --
Título Decreto no. 1467 de 2004, que aprueba el reglamento para la aplicación de la Ley no. 88-03 que instituye las Casas de Agogida o Refugios --
-- Reglamento de funcionamiento para la aplicacion de la ley 88-03 --
700 1# - PUNTO DE ACCESO ADICIONAL--NOMBRE DE PERSONA
Nombre de persona Germán, Alejandrina,
Término indicativo de función/relación presentación
9 (RLIN) 12096
942 ## - ELEMENTOS DE PUNTO DE ACCESO ADICIONAL (KOHA)
Fuente del sistema de clasificación o colocación Dewey Decimal Classification
Tipo de ítem Koha Libro
Holdings
Estado de retiro Estado de pérdida Fuente del sistema de clasificación o colocación Restricciones de uso No para préstamo Código de colección Localización permanente Ubicación/localización actual Ubicación en estantería Fecha de adquisición Total de préstamos Signatura topográfica completa Código de barras Fecha visto por última vez Precio válido a partir de Tipo de ítem Koha
    Dewey Decimal Classification Excluido de préstamo   Patrimonio Dominicano Biblioteca Nacional Pedro Henríquez Ureña Biblioteca Nacional Pedro Henríquez Ureña En catalogación 23.07.2015   BNPHU PD 46330-10 25.06.2020 25.06.2020 Libro

Powered by Koha